GASTROENTEROLOGY CLINICS OF NORTH AMERICA (Record no. 18404)
[ view plain ]
| 000 -LEADER | |
|---|---|
| fixed length control field | 00340nam a22001457a 4500 |
| 003 - CONTROL NUMBER IDENTIFIER | |
| control field | SGT |
| 020 ## - INTERNATIONAL STANDARD BOOK NUMBER | |
| International Standard Book Number | 978-1-4160-6297-1 |
| 082 ## - DEWEY DECIMAL CLASSIFICATION NUMBER | |
| Classification number | 616.024 |
| Item number | G08R |
| 100 ## - MAIN ENTRY--PERSONAL NAME | |
| Personal name | RAO, SATISH S.C. |
| 245 ## - TITLE STATEMENT | |
| Title | GASTROENTEROLOGY CLINICS OF NORTH AMERICA |
| 260 ## - PUBLICATION, DISTRIBUTION, ETC. (IMPRINT) | |
| Place of publication, distribution, etc | PHILADELPHIA |
| Name of publisher, distributor, etc | ELSEVIER PUB |
| Year of Publication | 2008 |
| 300 ## - PAGE DESCRIPTION | |
| No. of Pages | 762 |
| 490 ## - SERIES STATEMENT | |
| Series statement | 37/3 |
| 942 ## - ADDED ENTRY ELEMENTS (KOHA) | |
| Source of classification or shelving scheme | Dewey Decimal Classification |
| Koha item type | Books |
| Withdrawn status | Lost status | Source of classification or shelving scheme | Damaged status | Not for loan | Collection code | Home library | Current library | Shelving location | Date acquired | Volume Information (Serial or Books or Non-Book Material) | SGTU | Total Checkouts | Full call number | Accession No. (Barcode) | Date last seen | Bill Date | Koha item type |
|---|---|---|---|---|---|---|---|---|---|---|---|---|---|---|---|---|---|
| Dewey Decimal Classification | Not For Loan | MEDICAL | SGT Medical Library | SGT Medical Library | Reference Book | 25/06/2019 | VOLUME-37 ISSUE -3 | SGTU | 616.024 G08R | FM11412 | 25/06/2019 | 25/06/2019 | Books | ||||
| Dewey Decimal Classification | Not For Loan | MEDICAL | SGT Medical Library | SGT Medical Library | Reference Book | 25/06/2019 | VOLUME-37 ISSUE -3 | SGTU | 616.024 G08R | FM11413 | 25/06/2019 | 25/06/2019 | Books | ||||
| Dewey Decimal Classification | Not For Loan | MEDICAL | SGT Medical Library | SGT Medical Library | Reference Book | 25/06/2019 | VOLUME-37 ISSUE -3 | SGTU | 616.024 G08R | FM11414 | 25/06/2019 | 25/06/2019 | Books |